utiization of pumpkin on the growth rate of chickens at animal experimental station of rua (ការប្រើប្រាស់ផ្លែល្ពៅទៅលើការលលូតលាស់របស់មាន់សាច់នៅស្ថានីយ៍ចិញ្ចឹមសត្វនៃសាកលវិទ្យាល័យភូមិន្ទកសិកម្ម) (Record no. 2198)
[ view plain ]
| 000 -LEADER | |
|---|---|
| fixed length control field | 00751nam a22001577a 4500 |
| 003 - CONTROL NUMBER IDENTIFIER | |
| control field | OSt |
| 005 - DATE AND TIME OF LATEST TRANSACTION | |
| control field | 20151008085320.0 |
| 008 - FIXED-LENGTH DATA ELEMENTS--GENERAL INFORMATION | |
| fixed length control field | 151008b xxu||||| |||| 00| 0 eng d |
| 040 ## - CATALOGING SOURCE | |
| Transcribing agency | RUA |
| 082 ## - DEWEY DECIMAL CLASSIFICATION NUMBER | |
| Classification number | AVM VIT 2007 B079 Or.1 |
| 100 ## - MAIN ENTRY--PERSONAL NAME | |
| 9 (RLIN) | 2332 |
| Personal name | VIT, VANNY. |
| 245 ## - TITLE STATEMENT | |
| Title | utiization of pumpkin on the growth rate of chickens at animal experimental station of rua (ការប្រើប្រាស់ផ្លែល្ពៅទៅលើការលលូតលាស់របស់មាន់សាច់នៅស្ថានីយ៍ចិញ្ចឹមសត្វនៃសាកលវិទ្យាល័យភូមិន្ទកសិកម្ម) |
| 260 ## - PUBLICATION, DISTRIBUTION, ETC. (IMPRINT) | |
| Place of publication, distribution, etc. | Phnom Penh |
| Name of publisher, distributor, etc. | RUA |
| Date of publication, distribution, etc. | 2007 |
| 300 ## - PHYSICAL DESCRIPTION | |
| Extent | viii, 41p. |
| Other physical details | ill. |
| Dimensions | 29cm. |
| 942 ## - ADDED ENTRY ELEMENTS (KOHA) | |
| Source of classification or shelving scheme | |
| Koha item type | AVM |
| Price effective from | Date last seen | Permanent Location | Not for loan | Date acquired | Source of classification or shelving scheme | Koha item type | Lost status | Withdrawn status | Total Renewals | Date last checked out | Total Checkouts | Shelving location | Damaged status | Barcode | Checked out | Current Location | Full call number |
|---|---|---|---|---|---|---|---|---|---|---|---|---|---|---|---|---|---|
| 2015-10-08 | 2025-07-28 | Library Block B | 2015-10-08 | AVM | 2025-06-23 | 3 | B079 | RUA025194 | Library Block B | AVM VIT 2007 B079 Or.1 | |||||||
| 2015-10-08 | 2023-01-20 | Library Block B | 2015-10-08 | AVM | 2 | 2022-12-21 | 8 | B079 | RUA019748 | Library Block B | AVM VIT 2007 B079 Or.4 | ||||||
| 2015-10-08 | 2015-10-08 | Library Block B | 2015-10-08 | AVM | B079 | RUA019538 | Library Block B | AVM VIT 2007 B079 Or.5 | |||||||||
| 2015-10-08 | 2017-10-06 | Library Block B | 2015-10-08 | AVM | 2017-09-26 | 1 | B079 | RUA009508 | Library Block B | AVM VIT 2007 B079 Or.6 | |||||||
| 2015-10-08 | 2019-06-28 | Library Block B | 2015-10-08 | AVM | 2019-05-27 | 2 | B079 | RUA009680 | Library Block B | AVM VIT 2007 B079 Or.7 | |||||||
| 2015-10-08 | 2020-06-26 | Library Block B | 2015-10-08 | AVM | 2020-06-23 | 2 | B079 | RUA009711 | Library Block B | AVM VIT 2007 B079 Or.8 | |||||||
| 2015-10-08 | 2023-01-16 | Library Block B | 2015-10-08 | AVM | 2022-12-20 | 3 | B079 | RUA009790 | Library Block B | AVM VIT 2007 B079 Or.9 | |||||||
| 2015-10-08 | 2025-12-22 | Library Block B | 2015-10-08 | AVM | 1 | 2025-11-21 | 7 | B079 | RUA009510 | Library Block B | AVM VIT 2007 B079 Or.10 | ||||||
| 2015-10-08 | 2026-06-19 | Library Block B | 2015-10-08 | AVM | 2026-06-19 | 4 | B079 | RUA009681 | 2026-07-24 | Library Block D | AVM VIT 2007 B079 Or.2 | ||||||
| 2015-10-08 | 2026-06-19 | Library Block B | 2015-10-08 | AVM | 2026-06-19 | 8 | B079 | RUA025065 | 2026-07-24 | Library Block D | AVM VIT 2007 B079 Or.3 |